Náboženský fundamentalizmus alebo súčasť kultúry? - kontroverzie ohľadom zákazu zahaľovania sa moslimských žien vo Francúzsku

Analýza terminologickej bázy, dôvodov vedúcich k zákazu zahaľovania sa moslimských žien a súslednosti udalostí až do súčasnosti z francúzskeho prostredia.

Salvato in:
Dettagli Bibliografici
Autore principale: Krupová, Kristína, 1993-
Natura: Capitolo di libro
Lingua:slovacco
Soggetti:
Tags: Aggiungi Tag
Nessun Tag, puoi essere il primo ad aggiungerne!!

MARC

LEADER 00000naa$a2200000$$$4500
001 0269779
005 20240502074228.5
041 0 |a slo 
044 |a SK 
245 1 0 |a Náboženský fundamentalizmus alebo súčasť kultúry? - kontroverzie ohľadom zákazu zahaľovania sa moslimských žien vo Francúzsku  |c Kristína Krupová 
520 |a Analýza terminologickej bázy, dôvodov vedúcich k zákazu zahaľovania sa moslimských žien a súslednosti udalostí až do súčasnosti z francúzskeho prostredia. 
610 2 0 |a islam 
610 2 0 |a radikalizmus 
610 2 0 |a diskriminácia 
610 2 0 |a náboženstvo 
610 2 0 |a Francúzsko 
100 1 |a Krupová, Kristína, 1993-